MARC

LEADER 00000nam0a2200000 4500
001 50877
005 20231031033738.0
035 |a (RuTPU)RU\TPU\book\53265 
090 |a 50877 
100 |a 20030422d1976 km y0rusy50 ca 
101 0 |a rus 
102 |a RU 
105 |a y l 000zy 
200 1 |a Правила устройства и безопасной эксплуатации паровых и водогрейных котлов  |e Утв. Госгортехнадзором СССР 11 июля 1972 г.  |f Госгортехнадзор СССР 
205 |a 2-е изд., с измен. и доп. 
210 |a Москва  |c Недра  |d 1976 
215 |a 143 с. 
610 1 |a теплотехника 
610 1 |a паровые котлы 
610 1 |a водогрейные котлы 
610 1 |a безопасность 
610 1 |a эксплуатация 
610 1 |a устройство 
610 1 |a правила 
610 1 |a арматура 
610 1 |a контрольно-измерительные приборы 
610 1 |a водный режим 
610 1 |a аварии 
610 1 |a несчастные случаи 
675 |a 621.182.004  |v 3 
712 0 1 |a СССР  |b Государственный комитет по надзору за безопасным ведением работ в промышленности и горному надзору (Госгортехнадзор СССР)  |c (1966-1990)  |2 stltpush  |3 (RuTPU)RU\TPU\col\2122 
801 1 |a RU  |b 63413507  |c 20030422  |g PSBO 
801 2 |a RU  |b 63413507  |c 20200703  |g PSBO 
942 |c BK